000 00768nam a2200253 a 4500
008
020 _a0714833568 (pbk. )
049 _aMAIN
090 _aNA680 CUR
100 1 _aCurtis, William J. R.
245 1 0 _aModern architecture since 1900 /
_cWilliam J.R. Curtis.
250 _a3rd ed., [Rev., expanded, and redesigned].
260 _aLondon :
_bPhaidon,
_c1996.
300 _a736 p. :
_bill. (some col.) ;
_c26 cm.
500 _aIncludes index.
504 _aIncludes bibliographical references .
650 0 _aArchitecture, Modern
_y20th century.
650 6 _aArchitecture
907 _a.b10025248
_b12-04-12
_c17-04-03
003
005 20230123133908.0
040 _cNUST
942 _cBOOKS
_kNA680 CUR
999 _c156467
_d156467